000 00536nam a22001697a 4500
005 20251108170538.0
008 250721s1999 xx 000 0 ara d
082 1 4 _a956.6/علي
100 1 _aعلي، صلاح أحمد
245 1 0 _aعسير تحت الحكم العثماني 1289-1336هـ/1872-1914م /
264 1 _aالقاهرة :
_bدار المعرفة الجامعية،
_c1999.
300 _a164ص
650 1 7 _aتاريخ السعودية
650 1 7 _aالحكم العثماني
942 _2ddc
_cBK
999 _c43139
_d43139